|
|
|
|
| LEADER |
03042nam a2200793 a 4500 |
| 001 |
nkc20122429970 |
| 003 |
CZ PrNK |
| 005 |
20140623192903.0 |
| 007 |
ta |
| 008 |
121217s2012 xr ach e 000 mccze |
| 015 |
|
|
|a cnb002429970
|
| 020 |
|
|
|a 978-80-904364-7-3
|q (brož.)
|
| 035 |
|
|
|a (OCoLC)827261694
|
| 040 |
|
|
|a ABA001
|b cze
|
| 043 |
|
|
|a mm-----
|a e-xr---
|
| 045 |
|
|
|a m-y-
|
| 072 |
|
7 |
|a 27-9
|x Dějiny křesťanské církve
|2 Konspekt
|9 5
|
| 072 |
|
7 |
|a 929
|x Biografie
|2 Konspekt
|9 8
|
| 080 |
|
|
|a 27-36
|2 MRF
|
| 080 |
|
|
|a 929
|2 MRF
|
| 080 |
|
|
|a 27-76:94(437.3)
|2 MRF
|
| 080 |
|
|
|a 2-67
|2 MRF
|
| 080 |
|
|
|a 322
|2 MRF
|
| 080 |
|
|
|a 811.163.1
|2 MRF
|
| 080 |
|
|
|a 271-528.8(=16)
|2 MRF
|
| 080 |
|
|
|a 27-36-5
|2 MRF
|
| 080 |
|
|
|a 27-58-021.56
|2 MRF
|
| 080 |
|
|
|a 27-662/-664-76:930.85
|2 MRF
|
| 080 |
|
|
|a (38+392)
|2 MRF
|
| 080 |
|
|
|a (437.3)
|2 MRF
|
| 080 |
|
|
|a (062.552)
|2 MRF
|
| 100 |
1 |
|
|a Gerzanic-Hons, Hana,
|d 1928-2023
|7 jn20000400770
|4 aut
|
| 245 |
1 |
0 |
|a Crha a Strachota krajem jdou /
|c Hana Gerzanicová, Miloslav Krist
|
| 250 |
|
|
|a Vyd. 1.
|
| 260 |
|
|
|a Plzeň :
|b ArtKrist,
|c 2012
|
| 300 |
|
|
|a 131 s. :
|b il., portréty, faksim. ;
|c 21 cm
|
| 504 |
|
|
|a Obsahuje bibliografii
|
| 600 |
0 |
7 |
|a Konstantin,
|c svatý,
|d 827-869
|7 jn20000700942
|2 czenas
|
| 600 |
0 |
7 |
|a Metoděj,
|c svatý,
|d asi 815-885
|7 jn20000728411
|2 czenas
|
| 600 |
0 |
9 |
|a Cyril,
|c Saint, Apostle of the Slavs,
|d ca. 827-869
|2 eczenas
|
| 600 |
0 |
9 |
|a Methodius,
|c Saint, Apostle of the Slavs,
|d ca. 815-885
|2 eczenas
|
| 648 |
|
4 |
|a 827-869
|
| 648 |
|
4 |
|a 815-885
|
| 648 |
|
7 |
|a 9. století
|7 ch460547
|2 czenas
|
| 648 |
|
7 |
|a 10.-21. století
|7 ch757132
|2 czenas
|
| 650 |
0 |
7 |
|a křesťanští světci
|7 ph115082
|z Byzanc
|y 9. století
|2 czenas
|
| 650 |
0 |
7 |
|a cyrilometodějská mise
|7 ph114275
|y 9. století
|2 czenas
|
| 650 |
0 |
7 |
|a stát a církev
|7 ph116308
|y 9. století
|2 czenas
|
| 650 |
0 |
7 |
|a staroslověnština
|7 ph126024
|2 czenas
|
| 650 |
0 |
7 |
|a slovanská liturgie
|7 ph125648
|2 czenas
|
| 650 |
0 |
7 |
|a kult svatých
|7 ph138466
|z Česko
|y 10.-21. století
|2 czenas
|
| 650 |
0 |
7 |
|a duchovní tradice
|7 ph170913
|z Česko
|y 10.-21. století
|2 czenas
|
| 650 |
0 |
7 |
|a cyrilometodějská tradice
|7 ph824761
|z Česko
|y 10.-21. století
|2 czenas
|
| 650 |
0 |
9 |
|a Christian saints
|z Byzanc
|y 9th century
|2 eczenas
|
| 650 |
0 |
9 |
|a Cyril and Methodius mission
|y 9th century
|2 eczenas
|
| 650 |
0 |
9 |
|a church and state
|y 9th century
|2 eczenas
|
| 650 |
0 |
9 |
|a Church Slavic language
|2 eczenas
|
| 650 |
0 |
9 |
|a Slavic liturgy
|2 eczenas
|
| 650 |
0 |
9 |
|a cult of saints
|z Czechia
|y 10th-21st centuries
|2 eczenas
|
| 650 |
0 |
9 |
|a spiritual traditions
|z Czechia
|y 10th-21st centuries
|2 eczenas
|
| 650 |
0 |
9 |
|a Cyril and Methodius tradition
|z Czechia
|y 10th-21st centuries
|2 eczenas
|
| 655 |
|
7 |
|a sborníky
|7 fd163935
|2 czenas
|
| 655 |
|
9 |
|a miscellanea
|2 eczenas
|
| 700 |
1 |
|
|a Krist, Miloslav,
|d 1963-
|7 pna2005274571
|4 aut
|
| 910 |
2 |
|
|a BOA001
|b 2-1296.194
|
| 990 |
|
|
|a BK
|
| 995 |
|
|
|a 01
|
| 991 |
|
|
|b 201301
|c NOV
|e n
|
| 996 |
6 |
|
|b 2610533684
|c 2-1296.194
|l MZK
|r Sklad / do 1 hodiny
|n 1
|p p.v.
|w 001304150
|u 000010
|a 1
|e BOA001
|j MZK50
|s P
|